Music Quiz

Random Music or Rock Quiz

Punk Rock Bands by Picture (Slideshow) Quiz Stats

Quiz not verified by Sporcle

Also try: 'Africa' Lyrics
Challenge
Share
Tweet
Score 0/55 Timer 10:00
0 Plays Today
% Correct
Green Day
92.2%
The Ramones
82.3%
The Misfits
71%
Sex Pistols
68.1%
Blondie
67.6%
The Clash
65.2%
Blink-182
63.7%
Bad Brains
57.7%
The Offspring
56.6%
Dropkick Murphys
55%
Patti Smith
49.8%
Sum 41
46.7%
Bad Religion
46.6%
NOFX
46.5%
Dead Kennedys
45.7%
Rancid
45.6%
New York Dolls
45.3%
The Runaways
44.3%
Black Flag
43.6%
Iggy and the Stooges
40.5%
Minor Threat
39.9%
AFI
38.6%
The Velvet Underground
36.2%
Crass
33.7%
Fugazi
33.7%
Joy Division
32.4%
The Buzzcocks
29.7%
Pennywise
27.7%
% Correct
Descendents
27.4%
Social Distortion
27.3%
X
27.3%
Me First and The Gimme Gimmes
26.5%
Flogging Molly
25.9%
Anti Flag
24%
New Found Glory
23%
Operation Ivy
20.9%
Television
18.7%
Minutemen
17.3%
Fear
17.3%
Against Me
16.9%
The Replacements
15.5%
Circle Jerks
13.6%
Leftover Crack
11.9%
The Bouncing Souls
11.3%
Stiff Little Fingers
11.3%
No Use for a Name
10%
Agnostic Front
8.7%
T.S.O.L.
8.1%
Propagandhi
7.6%
The Menzingers
6.6%
Reagan Youth
5.2%
Catch-22
5%
Gorilla Biscuits
4.9%
The Flatliners
4.3%
Flipper
3.3%

You're not logged in!

Compare scores with friends on all Sporcle quizzes.
Sign Up with Email
OR
Log In

You Might Also Like...

Show Comments

Extras

Top Quizzes Today


Score Distribution

Your Account Isn't Verified!

In order to create a playlist on Sporcle, you need to verify the email address you used during registration. Go to your Sporcle Settings to finish the process.